| 000 | 00692nam a2200265Ia 4500 | ||
|---|---|---|---|
| 001 | 9050 | ||
| 005 | 20240113234148.0 | ||
| 007 | ta | ||
| 008 | 050722s1952 a g b000 u eng u | ||
| 040 | _aCotton College,Assam | ||
| 041 | _aeng | ||
| 082 |
_a928.2 _bSh 26 W |
||
| 100 | _aWinsten, S. . | ||
| 245 | 0 |
_aShaw`s Corner / _cS. Winsten. _hTextual Documents |
|
| 250 | _a1st ed. / | ||
| 260 |
_aLondon : _bHutchinson University Library , _c1952. |
||
| 300 |
_axi, 238p. : _bill. ; _c22cm . |
||
| 504 | _aIndex | ||
| 653 | _aBiography-Shaw | ||
| 653 | _aEnglish literature-Criticism | ||
| 653 | _aMS-English | ||
| 942 |
_2ddc _cBK |
||
| 999 |
_c9037 _d9037 |
||